01713cam a22004097a 4500003000500000005001700005008004100022010001000063011001000073035001000083040000900093090001000102100003400112245013100146260006000277300003900337502008000376590003700456590004100493590004100534590004100575590004200616650003300658650004100691650004200732650004200774650004000816650002700856901000700883905002300890942000900913949005500922949004200977999001701019952014001036952012701176CHAP20220329141905.0980420d1996 mx a r 00110 spa d a75341 a76313 a85892 cCHAP aTesis00aLópez Meza, Antonio.96812210aSistemas de organización tradicional y asociación de productores en Tenejapa, Chiapas, Méxicoc/por Antonio López Meza aSan Cristobal de Las Casas, Chiapas :bEl autor,c1996. a193 h. :bilus. ; mapas ; gráfs. aTesis (M. C. en Desarrollo Rural) -- UACH. Dirección de Centros Reginales aALEPHb10c20130110lUCH01h1424 aBATCH-UPDb10c20130110lUCH01h1508 aBATCH-UPDb10c20130410lUCH01h0926 aBATCH-UPDb10c20130914lUCH01h0809 aCONVERSIONb10c20130109lUCH01h134114aCampesinadoxChiapas.91800114aChiapasxCondiciones rurales.92222614aChiapasxCondiciones sociales.92222714aOrganización de productores.98354414aTierrasxTenenciaxChiapas.911314924aCafeticultores.917080 aBK aLilia Sánchez G. cFOLL bBCcTESd33724000589255eTS2fc.2h32522i85892sb bBCcTESd858921eTS1h32521i85892sb c75341d75341 00102local4053708TESISaBCbBCcPA_TESISd2019-12-31fTESISl0oTesisp33724000589255r2019-12-31 00:00:00tc.2w2019-12-31yTESIS 00102local4051708TESISaBCbBCcPA_TESISd2019-12-31fTESISl0oTesisp858921r2019-12-31 00:00:00w2019-12-31yTESIS